000 00858cam a22002771 4500
001 sa 67004897
003 DLC
005 20260227112352.0
008 810709s1966 ii abc b 000 0 eng
010 _asa 67004897
025 _aPL480:I-E-8318
035 _a(OCoLC)7568666
040 _aDLC
_cMnSU
_dDLC
042 _apremarc
043 _aa-ii---
050 0 0 _aSB191.W5
_bP28
082 _a633/.11/0954
100 1 _aPal, B. P.
_q(Benjamin Peary),
_d1906-1989.
245 1 0 _aWheat
_c[by] B. P. Pal.
260 _aNew Delhi,
_bIndian Council of Agricultural Research
_c[1966]
300 _axviii, 370 p.
_billus., map, ports.
_c25 cm.
490 1 _aI.C.A.R. cereal crop series,
_vno. 4
504 _aIncludes bibliographies.
650 0 _aWheat
_zIndia.
810 2 _aIndian Council of Agricultural Research.
_tI.C.A.R. cereal crop series ;
_vno. 4.
999 _c74842
_d74842